000 00589nam a22002177a 4500
003 UA-OsUOA
001 38244
007 ta
008 20060503b un ||||| |||| 00| 0 ukr d
100 _aНотомб Амели
090 _a82
_bН11
942 _cSA
040 _aUA-OsUOA
_brus
_cUA-OsUOA
_dUA-OsUOA
245 _aЛюбовный саботаж
300 _a3-64 с.
955 _a0
041 _arus
080 _a82
773 0 _w38243
_tИностранная литература
_dМ.
_d2006
_g3
650 7 _a82 Література. Літературознавство
_2UDC
999 _c324409
_d324409